Recovering and minimising wood waste (Record no. 108729)

MARC details
000 -LEADER
fixed length control field 01005cam a22002415a 4500
001 - CONTROL NUMBER
control field E145215
008 - FIXED-LENGTH DATA ELEMENTS--GENERAL INFORMATION
fixed length control field 080521s2008 xxk f 000 0 eng d
035 ## - SYSTEM CONTROL NUMBER
System control number (Sirsi) u145215
041 0# - LANGUAGE CODE
Language code of text/sound track or separate title eng
050 04 - LIBRARY OF CONGRESS CALL NUMBER
Classification number 694.01 $2 18
110 2# - MAIN ENTRY--CORPORATE NAME
Corporate name or jurisdiction name as entry element Timber Research and Development Association
245 00 - TITLE STATEMENT
Title Recovering and minimising wood waste
260 ## - PUBLICATION, DISTRIBUTION, ETC.
Place of publication, distribution, etc. High Wycombe
Name of publisher, distributor, etc. TRADA Technology
Date of publication, distribution, etc. 2008
300 ## - PHYSICAL DESCRIPTION
Extent 6p.
Other physical details ill.
Dimensions 30cm.
490 #0 - SERIES STATEMENT
Series statement Wood Information Sheet
Volume/sequential designation 2/3(59) June 2008
505 2# - FORMATTED CONTENTS NOTE
Formatted contents note Waste wood arisings -- Forms of wood waste -- Options for recovered waste wood -- The need to reduce landfill -- Disposal considerations -- Present and future markets for waste wood -- The development of a biomass market -- Future regulation of wood waste
520 ## - SUMMARY, ETC.
Summary, etc. Discusses the types of wood waste and how these can be recovered and re-used.
521 ## - TARGET AUDIENCE NOTE
Target audience note Advanced
590 ## - LOCAL NOTE (RLIN)
Local note KA
651 #4 - SUBJECT ADDED ENTRY--GEOGRAPHIC NAME
Geographic name United Kingdom
Chronological subdivision
690 ## - LOCAL SUBJECT ADDED ENTRY--TOPICAL TERM (OCLC, RLIN)
Topical term or geographic name as entry element BUILT ENVIRONMENT-BUILDING MATERIALS-TIMBER-TIMBER AND WOOD
942 ## - ADDED ENTRY ELEMENTS (KOHA)
Suppress in OPAC 0
Holdings
Withdrawn status Lost status Source of classification or shelving scheme Damaged status Not for loan Home library Current library Shelving location Date acquired Total Checkouts Full call number Barcode Date last seen Copy number Price effective from Koha item type
    Dewey Decimal Classification     London London Books 12/03/2009   BRE 30076469 06/08/2019 1 06/08/2019 Book